| 000 | 00428nam a22001697a 4500 | ||
|---|---|---|---|
| 999 |
_c11429 _d11429 |
||
| 003 | OSt | ||
| 008 | 220709b ||||| |||| 00| 0 eng d | ||
| 020 | _a9788123915838 | ||
| 082 | _a615.19 CHP | ||
| 100 | _a CHATTEN, Leslie G. | ||
| 245 | _a Pharmaceutical Chemistry: Theory and Application, Vol.1 | ||
| 250 | _a1st | ||
| 260 |
_aNew Delhi _bCBC Publishers _c2008 |
||
| 300 | _a504 | ||
| 650 | _aChemistry | ||
| 942 |
_2ddc _cBK |
||